071_ Personnalités nées un 12 mars par images - Statistiques

Statistiques générales
  • Ce quiz a été pris 36 fois
  • Le résultat moyen est 3 sur 9
Statistiques - réponses
Par images Hint Réponse % Correct
Chanteur Stromae
100%
Animateur Nelson Monfort
76%
Jardinier André Le Nôtre
35%
Humoriste Franjo
24%
Actrice Liza Minnelli
18%
Chanteur Pete Doherty
12%
Tenniswomen Fiona Ferro
3%
Militaire Ratko Mladic
0%
Actrice Zhao Wei
0%
Aucun quiz correspondant
Distribution des résultats
% des personnes avec chaque résultat
Percentile par nombre de réponses
Votre historique - résultats
Vous n’avez pas pris ce quiz